Loading...
Religion | 0 | 2 | 0 | 1 | 20 | 116 | 123.50 | 1 | 2 |
Fine Arts - Painting & Sculpture | 0 | 1 | 0 | 0 | 10 | 115 | 115.00 | 0 | 1 |
History - European History | 0 | 1 | 0 | 0 | 10 | 98 | 98.00 | 1 | 1 |
History - Other History | 0 | 1 | 0 | 0 | 10 | 33 | 33.00 | 0 | 1 |
Literature - American Literature | 0 | 1 | 0 | 0 | 10 | 128 | 128.00 | 0 | 1 |
Literature - British Literature | 0 | 1 | 0 | 1 | 10 | 139 | 139.00 | 1 | 1 |
Literature - European Literature | 0 | 1 | 0 | 0 | 10 | 105 | 105.00 | 1 | 1 |
Mythology | 0 | 1 | 0 | 0 | 10 | 112 | 112.00 | 1 | 1 |
Philosophy | 0 | 1 | 0 | 0 | 10 | 106 | 106.00 | 1 | 1 |
Science - Other Science | 0 | 1 | 0 | 0 | 10 | 122 | 122.00 | 0 | 1 |
Fine Arts - Classical Music | 0 | 0 | 2 | 0 | -10 | 0.00 | 0 | 0 |